000
00251nam a22001097a 4500
008
131217t xxu||||| |||| 00| 0 eng d
020
_a
0-00-616371-8
100
_a
Agatha Christie
_9
433
245
_a
Mrs. McGinty's Dead
300
_a
000
942
_2
ddc
_c
BK
999
_c
16704
_d
16704